Match the footballer to the world leader - Statistics

General Stats
  • This quiz has been taken 64 times
  • The average score is 6 of 16
Answer Stats
Hint Explanation Answer % Correct
Kylian Mbappé Paris Saint-Germain Jacques Chirac
76%
Haidar Abdul-Razzaq Hassan Al-Talaba, Baghdad Saddam Hussein
71%
Lev Yashin Dynamo Moscow Joseph Stalin
68%
Xavi Barcelona Adolfo Suárez
61%
Dino Zoff Juventus Benito Mussolini
51%
Sepp Maier Bayern Munich Adolf Hitler
37%
Wayne Rooney Manchester United Margaret Thatcher
37%
Michel Platini Nancy René Coty
34%
Jamal Musiala Bayern Munich Gerhard Schröder
32%
Youri Djorkaeff Monaco Prince Rainier III
29%
Robert Lewandowski Bayern Munich Helmut Kohl
22%
Harry Kane Tottenham Hotspur John Major
15%
Kenny Dalglish Liverpool Clement Attlee
12%
Gary Lineker Leicester City Harold McMillan
12%
David Beckham Manchester United Harold Wilson
10%
Thierry Henry Arsenal James Callaghan
5%
No matching quizzes found
Score Distribution
Percent of People with Each Score
Percentile by Number Answered
Your Score History
You have not taken this quiz